Action Movie Posters Quiz Stats

Quiz Updated Jul 26, 2015

Challenge
Share
Tweet
Score 0/20 Timer 04:00
4 Plays Today
Picture Movie % Correct
2The Matrix
96.6%
5Indiana Jones and the Raiders of the Lost Ark
96.6%
10Kill Bill Volume 1
95.1%
4First Blood
92.8%
8The Avengers
92.5%
6Die Hard
92.5%
12RoboCop
89.7%
14Face/Off
81.5%
15Mad Max: Fury Road
81.4%
17The Bourne Identity
79.6%
Picture Movie % Correct
13The Fast and the Furious
76.5%
9Casino Royale
74.6%
3Lethal Weapon
73.5%
1Predator
69.5%
18Inception
60.3%
7Enter the Dragon
56.4%
20Aliens
45.5%
11Heat
43.3%
16Point Break
34%
19Bloodsport
29.1%

You're not logged in!

Compare scores with friends on all Sporcle quizzes.
Join for Free
OR
Log In

You Might Also Like...

Show Comments

Extras

Top Quizzes Today


Score Distribution

Your Account Isn't Verified!

In order to create a playlist on Sporcle, you need to verify the email address you used during registration. Go to your Sporcle Settings to finish the process.

Report this User

Report this user for behavior that violates our Community Guidelines.

Details: